000 00173nam a2200073Ia 4500
008 170524s9999 xx 000 0 und d
100 _aMITAL- VIVEK
245 0 _aBUSINESS ENVIRONMENT
260 _bEXCEL BOOKS
999 _c8273
_d8273